Statistics for Pixar movie films

Click here to take the quiz!

General Stats

  • This quiz has been taken 944 times
  • The average score is 8 of 13

Answer Stats

HintAnswer% Correct
1995Toy Story
95%
1999Toy Story 2
88%
2010Toy Story 3
85%
2006Cars
76%
2003Finding Nemo
71%
2011Cars 2
70%
2009Up
69%
2008WALL-E
59%
2004The incredibles
57%
2012Brave
55%
1998Bugs Life
55%
2007Ratatouille
45%
2001Mosters Inc.
9%

Score Distribution

Percentile by Number Answered

Percent of People with Each Score

Your Score History

You have not taken this quiz